00000000nam 2200000zi 4500
0019.954393
003CaOODSP
00520250825105213
006m     o  d f      
007cr cn|||||||||
008250822e20160120oncd    obs  f000 0 eng d
040 |aCaOODSP|beng|erda|cCaOODSP
043 |an-cn---
0861 |aCS82-003/2016-1-2E-PDF
1001 |aBushnik, Tracey, |eauthor.
24514|aThe 2006 Canadian Birth-Census Cohort / |cby Tracey Bushnik, Seungmi Yang, Michael S. Kramer, Jay S. Kaufman, Amanda J. Sheppard and Russell Wilkins.
264 1|a[Ottawa] : |bStatistics Canada = Statistique Canada, |cJanuary 20, 2016.
264 4|c©2016
300 |a1 online resource (pages 11-19).
336 |atext|btxt|2rdacontent
337 |acomputer|bc|2rdamedia
338 |aonline resource|bcr|2rdacarrier
4901 |aHealth reports, |x1209-1367 ; |vvol. 27, no. 1, [2]
500 |aIssued also in French under title: Cohorte canadienne de naissance du Recensement de 2006
500 |aCover title.
504 |aIncludes bibliographical references (page 19).
5203 |a"Evidence on socioeconomic and ethnocultural disparities in perinatal health in Canada tends to be limited to analyses by neighbourhood or for selected provinces. In 2010, the Canadian Institutes of Health Research awarded funding for a project on perinatal outcomes. This article describes the resulting 2006 Canadian Birth-Census Cohort Database"--Abstract, page 11.
650 0|aMaternal health services|zCanada|vStatistics.
655 7|aStatistics|2lcgft
7102 |aStatistics Canada, |eissuing body.
77508|tCohorte canadienne de naissance du Recensement de 2006 / |w(CaOODSP)9.954392
830#0|aHealth reports (Series)|x1209-1367 ; |vvol. 27, no. 1, [2].|w(CaOODSP)9.950253
85640|qPDF|s623 KB|uhttps://publications.gc.ca/collections/collection_2025/statcan/82-003-x/CS82-003-2016-1-2-eng.pdf
8564 |qHTML|sN/A|uhttps://www150.statcan.gc.ca/n1/pub/82-003-x/2016001/article/14306-eng.htm
986 |a82-003-X